000 00508nam a2200193Ia 4500
008 170918s9999 xx 000 0 und d
020 _a9780439168427
050 _bS844 1999
100 _aStevens, Janet
245 _aCook-a-doodle-doo! /
245 _cby Janet Stevens and Susan Stevens Crummel ; illustrated by Janet Stevens.
260 _aNew York :
260 _bScholastic,
260 _c1999
300 _aunpaged :
300 _bcolored illustration ;
300 _c23cm.
500 _a420
999 _c342901
_d342901